Barros emeritenses (Record no. 30222)

MARC details
000 -LEADER
campo de control de longitud fija 00854nam a2200229 i 4500
001 - NÚMERO DE CONTROL
campo de control 30222
003 - IDENTIFICADOR DE NÚMERO DE CONTROL
campo de control ES-MaACL
005 - FECHA Y HORA DE LA ÚLTIMA TRANSACCIÓN
campo de control 20250726063032.0
007 - CAMPO FIJO DE DESCRIPCIÓN FÍSICA--INFORMACIÓN GENERAL
campo de control de longitud fija t|
008 - DATOS DE LONGITUD FIJA--INFORMACIÓN GENERAL
campo de control de longitud fija 030124s1877 sp ||||1| spa d
100 1# - ENTRADA PRINCIPAL--NOMBRE DE PERSONA
Nombre de persona Barrantes, Vicente,
Fechas asociadas al nombre 1829-1898
9 (RLIN) 25851
245 10 - MENCIÓN DEL TÍTULO
Título Barros emeritenses
Resto del título : estudio sobre los restos de cerámica romana que pueden hallarse en las ruinas de Mérida /
Mención de responsabilidad, etc. Vicente Barrantes.
250 ## - MENCION DE EDICION
Mención de edición 3ª imp.
260 ## - PUBLICACIÓN, DISTRIBUCIÓN, ETC.
Lugar de publicación, distribución, etc. Madrid :
Nombre del editor, distribuidor, etc. [s.n.],
Fecha de publicación, distribución, etc. 1877 (
Fabricante T. Fortanet)
300 ## - DESCRIPCIÓN FÍSICA
Extensión 42 p. :
Otras características físicas il. ;
Dimensiones 25 cm.
530 ## - NOTA DISPONIBLE DE FORMULARIO FÍSICO ADICIONAL
Nota de formato físico adicional disponible Disponible en formato digital.
650 #4 - PUNTO DE ACCESO ADICIONAL DE MATERIA--TÉRMINO DE MATERIA
Término de materia o nombre geográfico como elemento de entrada Cerámica romana-
Subdivisión geográfica Mérida.
9 (RLIN) 163143
651 ## - PUNTO DE ACCESO ADICIONAL DE MATERIA--NOMBRE GEOGRÁFICO
Nombre geográfico Mérida-
Subdivisión general Restos arqueológicos.
9 (RLIN) 152465
852 ## - LOCALIZACIÓN
Ubicación ES-MaACL
Número de control de estantería T-248-F-1
856 ## - LOCALIZACIÓN Y ACCESO ELECTRÓNICOS
Identificador Uniforme de Recursos <a href="http://bdh-rd.bne.es/viewer.vm?id=0000095083&page=1 ">http://bdh-rd.bne.es/viewer.vm?id=0000095083&page=1 </a>
Nota pública Biblioteca Digital Hispánica
Holdings
Estatus retirado Estado de pérdida Estado de daño No para préstamo Colección Biblioteca de origen Biblioteca actual Ubicación en estantería Fecha de adquisición Fuente de adquisición Total de préstamos Signatura topográfica completa Código de barras Visto por última vez Precio de reemplazo Tipo de ítem Koha
        Colección de folletos Biblioteca del Ateneo de Madrid Biblioteca del Ateneo de Madrid Depósito folletos 17/01/2008     T-248-F-1 1031200 23/02/2023 23/02/2023 Folleto